[Event "OLOMOUC 2006 - IM-C (CZE)"]
[Site "?"]
[Date "2006.08.06"]
[Round "6.2"]
[White "Biolek, Richard Jr"]
[Black "Geske, Julian"]
[Result "1-0"]
[WhiteElo "2304"]
[BlackElo "2173"]
[PlyCount "99"]
[EventDate "2006.08.02"]

1. e4 e5 2. Nf3 Nc6 3. d4 exd4 4. Nxd4 Qf6 5. Nb5 Bc5 6. Qe2 Bb6 7. N1c3 Nge7
8. Be3 Ba5 9. O-O-O a6 10. Nd5 Nxd5 11. exd5 axb5 12. dxc6 bxc6 13. Bd4+ Qe6
14. Bxg7 Qxe2 15. Bxe2 Rg8 16. Be5 d6 17. Bf3 Bd7 18. Bf6 Rg6 19. Bh4 Kf8 20.
h3 Bb6 21. a3 Re8 22. Rhe1 c5 23. Rxe8+ Bxe8 24. Be4 Re6 25. Bf5 Re5 26. g4 Kg7
27. f4 Re3 28. Bd8 Bc6 29. g5 c4 30. Bf6+ Kg8 31. Bg4 Be4 32. Kd2 d5 33. a4 b4
34. a5 Ba7 35. c3 b3 36. Bd4 Rd3+ 37. Kc1 c5 38. Rxd3 Bxd3 39. Be5 Be4 40. Be2
Kf8 41. Kd2 Ke7 42. Ke3 Bg2 43. h4 Ke6 44. Bg4+ Ke7 45. Bf5 d4+ 46. cxd4 c3 47.
bxc3 c4 48. Kd2 Bc6 49. Bxh7 Ba4 50. Kc1 1-0

[Event "OLOMOUC 2006 - IM-C (CZE)"]
[Site "?"]
[Date "2006.08.06"]
[Round "6.3"]
[White "Tuma, Jiri"]
[Black "Salai, Ladislav"]
[Result "1/2-1/2"]
[WhiteElo "2310"]
[BlackElo "2370"]
[PlyCount "96"]
[EventDate "2006.08.02"]

1. d4 Nf6 2. Nf3 d5 3. e3 e6 4. Bd3 Bd6 5. O-O O-O 6. b3 Nbd7 7. Bb2 Qe7 8. Ne5
b6 9. Nd2 Bb7 10. f4 Ba3 11. Bxa3 Qxa3 12. Rf3 Qe7 13. Rh3 g6 14. Qe1 Nxe5 15.
fxe5 Nd7 16. Nf3 f5 17. exf6 Nxf6 18. Qh4 Qg7 19. Ne5 Ne4 20. Rf3 Rf5 21. g4
Rxe5 22. Raf1 Ng5 23. Rf4 Qe7 24. Qg3 Re4 25. R4f2 e5 26. h4 Qe6 27. Be2 exd4
28. hxg5 Rc8 29. Rf6 Qe5 30. Qf2 Qe8 31. Rf7 Re7 32. Rxe7 Qxe7 33. exd4 c5 34.
Bd3 cxd4 35. Qf6 Re8 36. Qxe7 Rxe7 37. Rf6 Bc8 38. Rd6 Be6 39. Kf2 Kf7 40. Kg3
Rc7 41. Rd8 Ke7 42. Rh8 Kd6 43. a4 Rg7 44. Rd8+ Ke5 45. Rf8 Rf7 46. Rxf7 Bxf7
47. Kf3 Be6 48. Bb5 Bc8 1/2-1/2

[Event "OLOMOUC 2006 - IM-C (CZE)"]
[Site "?"]
[Date "2006.08.06"]
[Round "6.4"]
[White "Talla, Vladimir"]
[Black "Damia, Angelo"]
[Result "1-0"]
[WhiteElo "2426"]
[BlackElo "2237"]
[PlyCount "65"]
[EventDate "2006.08.02"]

1. e4 d6 2. d4 Nf6 3. Nc3 e5 4. dxe5 dxe5 5. Qxd8+ Kxd8 6. Bg5 Be6 7. O-O-O+
Nbd7 8. f4 exf4 9. Nf3 Kc8 10. Bxf4 Bb4 11. Nb5 Ba5 12. Nbd4 Nc5 13. e5 Nd5 14.
Nxe6 fxe6 15. Rd4 Rf8 16. Bg3 Bb6 17. Rg4 g6 18. Rh4 h5 19. Be1 c6 20. Bd2 Bd8
21. Rd4 Nd7 22. c4 c5 23. Re4 Nb4 24. a3 Nc6 25. Bd3 g5 26. Nxg5 Ndxe5 27. Be2
Rf2 28. Nxe6 Be7 29. g3 Nd7 30. Nf4 Bd6 31. Be3 Rxe2 32. Nxe2 Na5 33. Rd1 1-0

[Event "OLOMOUC 2006 - IM-C (CZE)"]
[Site "?"]
[Date "2006.08.06"]
[Round "6.6"]
[White "Litwak, Aleksej"]
[Black "Gutierrez Castillo, Paloma"]
[Result "1-0"]
[WhiteElo "2222"]
[BlackElo "2201"]
[PlyCount "49"]
[EventDate "2006.08.02"]

1. e4 e5 2. Nf3 Nc6 3. Bb5 Nf6 4. O-O Nxe4 5. Qe2 Nd6 6. Bxc6 dxc6 7. Qxe5+ Qe7
8. Qa5 Qd8 9. Qc3 Be6 10. Nd4 Qd7 11. Nxe6 Qxe6 12. d3 O-O-O 13. Re1 Qg6 14.
Bf4 Nb5 15. Qa5 Bc5 16. a4 Bb6 17. Qd2 Nd4 18. Kh1 Ne6 19. Be3 h5 20. Nc3 h4
21. h3 Rh5 22. Bxb6 cxb6 23. Ne4 f5 24. Nc3 Rg5 25. Rxe6 1-0

[Event "OLOMOUC 2006 - IM-C (CZE)"]
[Site "?"]
[Date "2006.08.06"]
[Round "7.1"]
[White "Gutierrez Castillo, Paloma"]
[Black "Zvara, Petr"]
[Result "0-1"]
[WhiteElo "2201"]
[BlackElo "2404"]
[PlyCount "50"]
[EventDate "2006.08.02"]

1. e4 e5 2. Nf3 Nc6 3. Bc4 Nf6 4. d3 Bc5 5. Bb3 O-O 6. O-O d6 7. c3 a6 8. Nbd2
Ba7 9. h3 Nh5 10. Nc4 Nf4 11. Bxf4 exf4 12. d4 Ne7 13. Qd2 b5 14. Na3 Ng6 15.
Bd5 Rb8 16. Nc2 c5 17. dxc5 Bxc5 18. Ncd4 Qf6 19. Ne2 b4 20. Nfd4 Bd7 21. Nc6
Bxc6 22. Bxc6 f3 23. gxf3 Qxf3 24. Nd4 Bxd4 25. cxd4 Nf4 0-1

[Event "OLOMOUC 2006 - IM-C (CZE)"]
[Site "?"]
[Date "2006.08.06"]
[Round "7.2"]
[White "Picard, Romain"]
[Black "Litwak, Aleksej"]
[Result "0-1"]
[WhiteElo "2357"]
[BlackElo "2222"]
[PlyCount "66"]
[EventDate "2006.08.02"]

1. e4 c5 2. Nf3 e6 3. d4 cxd4 4. Nxd4 Nf6 5. Nc3 Nc6 6. Be2 Bb4 7. O-O Bxc3 8.
bxc3 Nxe4 9. Bd3 d5 10. Nxc6 bxc6 11. Ba3 f6 12. Qh5+ g6 13. Qh6 Kf7 14. Rae1
Rb8 15. Bxe4 dxe4 16. Rxe4 Rb7 17. Rfe1 Qa5 18. Bf8 Rg8 19. Bb4 Qh5 20. Qe3 Re8
21. g4 Qb5 22. a4 Qxa4 23. Qh3 Kg8 24. Be7 Qxc2 25. Bxf6 Rf8 26. R4e2 Qb3 27.
Bd4 Qd5 28. Qh6 Qf3 29. h3 Rbf7 30. Rxe6 Bxe6 31. Rxe6 Qd1+ 32. Kg2 Qc2 33. Qh4
Qd3 0-1

[Event "OLOMOUC 2006 - IM-C (CZE)"]
[Site "?"]
[Date "2006.08.06"]
[Round "7.3"]
[White "Damia, Angelo"]
[Black "Pel, Bonno"]
[Result "1-0"]
[WhiteElo "2237"]
[BlackElo "2301"]
[PlyCount "59"]
[EventDate "2006.08.02"]

1. e4 d6 2. d4 Nf6 3. Nc3 g6 4. f4 Bg7 5. Nf3 O-O 6. e5 Nfd7 7. h4 c5 8. h5
cxd4 9. hxg6 hxg6 10. Qxd4 Nc6 11. Qf2 e6 12. exd6 Nf6 13. Bd2 Qxd6 14. O-O-O
Qe7 15. Ng5 Rd8 16. Qh4 b6 17. g4 Bb7 18. Bg2 Rd4 19. Ne2 Rc4 20. Kb1 Rc8 21.
Bc3 e5 22. Nh7 Ne4 23. g5 Nxc3+ 24. bxc3 Rb4+ 25. cxb4 Qxb4+ 26. Ka1 Nd4 27.
Rxd4 exd4 28. Nf6+ Kf8 29. Bxb7 Rxc2 30. Qh8+ 1-0

[Event "OLOMOUC 2006 - IM-C (CZE)"]
[Site "?"]
[Date "2006.08.06"]
[Round "7.5"]
[White "Geske, Julian"]
[Black "Tuma, Jiri"]
[Result "0-1"]
[WhiteElo "2173"]
[BlackElo "2310"]
[PlyCount "150"]
[EventDate "2006.08.02"]

1. e4 e5 2. Nf3 Nc6 3. Bb5 a6 4. Bxc6 dxc6 5. O-O Bg4 6. h3 h5 7. d3 Qf6 8. Be3
Bxf3 9. Qxf3 Qxf3 10. gxf3 Bd6 11. Nd2 Ne7 12. Nc4 Ng6 13. Rfd1 f6 14. d4 Nh4
15. f4 exd4 16. Nxd6+ cxd6 17. Bxd4 O-O 18. Rd3 Rae8 19. f3 d5 20. exd5 cxd5
21. Kf2 Re6 22. Re3 Rfe8 23. Rxe6 Rxe6 24. Rd1 Kf7 25. c3 Re8 26. Bb6 Ke6 27.
Bc5 Nf5 28. Rd2 Rc8 29. Be3 Kd6 30. Rd1 Re8 31. Bd4 Kc6 32. Rd2 h4 33. Rd1 Re6
34. Rd2 Ng3 35. Rc2 b5 36. a3 Re8 37. Rd2 a5 38. b3 Rb8 39. Rc2 Re8 40. Ra2 Rb8
41. Rc2 a4 42. b4 Re8 43. Bc5 Nh1+ 44. Kf1 Ng3+ 45. Kf2 Nf5 46. Rc1 Nh6 47. Rg1
Nf5 48. Rc1 Nd6 49. Rc2 Nc4 50. Ra2 Kd7 51. Ra1 Ke6 52. Re1+ Kf7 53. Rd1 Rd8
54. Ra1 Rd7 55. Be3 Ke6 56. Bc1 d4 57. cxd4 Rxd4 58. Ra2 Rd1 59. Rc2 Kd5 60.
Bb2 Rd3 61. Bc1 Rd1 62. Bb2 Nxb2 63. Rxb2 Rd3 64. Rc2 Rxa3 65. Rc5+ Kd4 66.
Rxb5 Ra2+ 67. Kg1 Ke3 68. Rb7 Rb2 69. Ra7 Rxb4 70. Rxg7 Rb1+ 71. Kg2 Rb2+ 72.
Kg1 a3 73. Re7+ Kxf4 74. Re4+ Kg3 75. Rg4+ Kxh3 0-1

[Event "OLOMOUC 2006 - IM-C (CZE)"]
[Site "?"]
[Date "2006.08.07"]
[Round "8.1"]
[White "Zvara, Petr"]
[Black "Biolek, Richard Jr"]
[Result "1-0"]
[WhiteElo "2404"]
[BlackElo "2304"]
[PlyCount "47"]
[EventDate "2006.08.02"]

1. e4 e5 2. Nf3 Nc6 3. Bb5 f5 4. Nc3 Nf6 5. exf5 e4 6. Nh4 d5 7. d4 Be7 8. g4
O-O 9. Rg1 Nxd4 10. Qxd4 c5 11. Qd1 d4 12. Bc4+ Kh8 13. Bd2 e3 14. fxe3 Nd7 15.
Nf3 Bh4+ 16. Ke2 Nb6 17. b3 Nxc4 18. bxc4 dxe3 19. Bxe3 Qe7 20. Qd5 Bd7 21.
Nxh4 Qxh4 22. Qxd7 Qxh2+ 23. Kf3 Rg8 24. Rh1 1-0

[Event "OLOMOUC 2006 - IM-C (CZE)"]
[Site "?"]
[Date "2006.08.07"]
[Round "8.2"]
[White "Tuma, Jiri"]
[Black "Firman, Nazar"]
[Result "0-1"]
[WhiteElo "2310"]
[BlackElo "2499"]
[PlyCount "80"]
[EventDate "2006.08.02"]

1. e4 c5 2. Nf3 e6 3. d4 cxd4 4. Nxd4 a6 5. g3 b5 6. Bg2 Bb7 7. O-O Nf6 8. Re1
Qc7 9. a4 bxa4 10. Rxa4 d6 11. Nd2 Nbd7 12. N2b3 Be7 13. c3 O-O 14. Ra1 a5 15.
Nb5 Qb6 16. c4 Ne5 17. Be3 Qd8 18. Qd4 a4 19. Nd2 Qb8 20. h3 Bc6 21. Nc3 Nfd7
22. Nf3 Nc5 23. Nxe5 dxe5 24. Qd1 Qxb2 25. Nd5 exd5 26. cxd5 Nb3 27. Rb1 Qc3
28. dxc6 Rfd8 29. Qh5 g6 30. Qf3 Qxc6 31. h4 Rd3 32. Bf1 Rc3 33. Rb2 a3 34. Ra2
Nd4 35. Qg2 Bc5 36. Bxd4 Bxd4 37. Be2 Rc2 38. Bb5 Qc3 39. Re2 Rxe2 40. Bxe2 Qb3
0-1

[Event "OLOMOUC 2006 - IM-C (CZE)"]
[Site "?"]
[Date "2006.08.07"]
[Round "8.3"]
[White "Talla, Vladimir"]
[Black "Geske, Julian"]
[Result "1-0"]
[WhiteElo "2426"]
[BlackElo "2173"]
[PlyCount "157"]
[EventDate "2006.08.02"]

1. e4 d5 2. exd5 Qxd5 3. Nc3 Qa5 4. d4 Nf6 5. Nf3 Ne4 6. Bd2 Nxd2 7. Qxd2 e6 8.
Bd3 Bb4 9. O-O O-O 10. Rfe1 Nd7 11. Ne5 Bxc3 12. bxc3 c5 13. Nc4 Qc7 14. Re3 b6
15. Rg3 f5 16. Qe2 Nf6 17. Qe5 Qxe5 18. dxe5 Nd5 19. Nd6 Bd7 20. c4 Ne7 21. Bf1
Ba4 22. Rc1 Ng6 23. Re3 Rfd8 24. g3 Bc6 25. f4 Rd7 26. Ra1 Ne7 27. a4 Nc8 28.
Nb5 Kf7 29. Rd3 Rxd3 30. Bxd3 Ke7 31. Kf2 a6 32. Nc3 a5 33. Rb1 Ra7 34. Nb5
Bxb5 35. Rxb5 Rd7 36. Ke3 Rd4 37. c3 Rd7 38. g4 g6 39. h3 Kf8 40. Rb1 Rg7 41.
Be2 Ke8 42. Bf3 Kf8 43. Rd1 Re7 44. Rd8+ Re8 45. Rd7 Re7 46. Bc6 Rxd7 47. Bxd7
Ne7 48. Bxe6 h5 49. gxh5 gxh5 50. h4 Ke8 51. Kf3 Kf8 52. Kg3 Ke8 53. Bd5 b5 54.
Bf3 bxa4 55. Bxh5+ Kf8 56. Bd1 a3 57. Bb3 Kg7 58. h5 a4 59. Ba2 Nc6 60. Kh4 Nb4
61. e6 Nc6 62. Kg5 Ne7 63. Bb1 Ng8 64. Kxf5 Kh6 65. Ke5 Kxh5 66. Kd6 Kg4 67. f5
a2 68. Bxa2 Kxf5 69. e7 Nf6 70. Bb1+ Kg5 71. Kxc5 Ne8 72. Kc6 Kf4 73. Kd7 Nf6+
74. Kd8 Ke3 75. c5 Kd2 76. c6 Kxc3 77. c7 Kb2 78. c8=Q Kxb1 79. Qf5+ 1-0

[Event "OLOMOUC 2006 - IM-C (CZE)"]
[Site "?"]
[Date "2006.08.07"]
[Round "8.4"]
[White "Pel, Bonno"]
[Black "Salai, Ladislav"]
[Result "0-1"]
[WhiteElo "2301"]
[BlackElo "2370"]
[PlyCount "92"]
[EventDate "2006.08.02"]

1. Nc3 c5 2. Nf3 Nc6 3. d4 cxd4 4. Nxd4 Nf6 5. Bg5 d5 6. Bxf6 gxf6 7. e4 dxe4
8. Nxc6 bxc6 9. Qxd8+ Kxd8 10. O-O-O+ Kc7 11. Nxe4 Rg8 12. g3 Bg4 13. Rd3 Bh6+
14. Kb1 Rad8 15. a3 Rxd3 16. Bxd3 f5 17. Nc5 Rd8 18. f4 e6 19. Nb3 Bg7 20. Nd2
Bh3 21. Re1 h5 22. Kc1 h4 23. Nf3 hxg3 24. hxg3 Bg4 25. Ng5 Rd7 26. Rh1 Bd4 27.
Rh7 Bf2 28. Kd2 Bxg3 29. Ke3 e5 30. fxe5 Bxe5 31. c3 f6 32. Ne6+ Kd6 33. Rxd7+
Kxd7 34. Nf4 Bd6 35. Ne2 Bf8 36. Nd4 Bh6+ 37. Kf2 Bc1 38. b3 Bxa3 39. Nxf5 Bb2
40. c4 a5 41. Bc2 Ke6 42. Ne3 Bh5 43. Be4 c5 44. Nd5 Bd1 45. Nf4+ Ke5 46. Bf3
Bd4+ 0-1

[Event "OLOMOUC 2006 - IM-C (CZE)"]
[Site "?"]
[Date "2006.08.07"]
[Round "8.5"]
[White "Litwak, Aleksej"]
[Black "Damia, Angelo"]
[Result "1-0"]
[WhiteElo "2222"]
[BlackElo "2237"]
[PlyCount "73"]
[EventDate "2006.08.02"]

1. e4 c5 2. Nf3 a6 3. c4 Nc6 4. d4 cxd4 5. Nxd4 g6 6. Nc3 Bg7 7. Be3 Nf6 8. Be2
O-O 9. O-O d6 10. f3 Bd7 11. Nc2 Rc8 12. Na3 Be6 13. Qd2 Ne5 14. Nd5 Nfd7 15.
Rac1 f5 16. Nf4 Bf7 17. exf5 gxf5 18. Nd5 Nf6 19. Kh1 e6 20. Nf4 Ng6 21. Rfd1
Nxf4 22. Bxf4 d5 23. Bh6 Bxh6 24. Qxh6 Qe7 25. cxd5 Nxd5 26. Bc4 Qf6 27. Qxf6
Nxf6 28. Kg1 b5 29. Bb3 e5 30. Rxc8 Rxc8 31. Rd6 Kg7 32. Rxa6 b4 33. Ra7 bxa3
34. Rxf7+ Kg6 35. bxa3 Rc1+ 36. Kf2 Rh1 37. a4 1-0

[Event "OLOMOUC 2006 - IM-C (CZE)"]
[Site "?"]
[Date "2006.08.07"]
[Round "8.6"]
[White "Gutierrez Castillo, Paloma"]
[Black "Picard, Romain"]
[Result "0-1"]
[WhiteElo "2201"]
[BlackElo "2357"]
[PlyCount "122"]
[EventDate "2006.08.02"]

1. e4 e6 2. Nf3 d5 3. Nc3 Nf6 4. e5 Nfd7 5. d4 c5 6. dxc5 Bxc5 7. Bd3 f6 8.
exf6 Nxf6 9. Bf4 O-O 10. O-O Nc6 11. Ne5 a6 12. a3 Bd7 13. Qe2 Qe7 14. Rae1
Rae8 15. Bg3 Nd4 16. Qd1 b5 17. Nb1 Qd8 18. Nd2 Bc8 19. h3 Bb7 20. Bh2 Qb6 21.
c3 Nc6 22. Nxc6 Bxc6 23. Nf3 Ne4 24. Re2 Rf6 25. Bxe4 dxe4 26. Ne5 Rd8 27. Qc2
Bd5 28. Bg3 Rff8 29. c4 bxc4 30. Nxc4 Qb5 31. Rxe4 Bxe4 32. Qxe4 Qd7 33. b4 Ba7
34. Ne5 Qd5 35. Qe2 Bb8 36. Re1 Bxe5 37. Bxe5 Qd2 38. Bg3 Qxe2 39. Rxe2 Rd1+
40. Kh2 Kf7 41. Rc2 Kf6 42. Bh4+ g5 43. Bg3 Ra1 44. Rc3 Rd8 45. h4 g4 46. Rc4
h5 47. Rc5 Rd5 48. Rc3 Rdd1 49. Bc7 Rac1 50. Rxc1 Rxc1 51. Bb6 Kf5 52. a4 Ra1
53. a5 Ra2 54. Kg3 Ra3+ 55. f3 e5 56. Kf2 gxf3 57. gxf3 Kf4 58. Bc7 Rxf3+ 59.
Ke2 Rb3 60. Bd6 Ke4 61. Kd2 Rd3+ 0-1

[Event "OLOMOUC 2006 - IM-C (CZE)"]
[Site "?"]
[Date "2006.08.08"]
[Round "9.1"]
[White "Picard, Romain"]
[Black "Zvara, Petr"]
[Result "1-0"]
[WhiteElo "2357"]
[BlackElo "2404"]
[PlyCount "61"]
[EventDate "2006.08.02"]

1. e4 e5 2. Nf3 Nc6 3. Bb5 a6 4. Ba4 Nf6 5. O-O b5 6. Bb3 Bb7 7. d3 Bc5 8. Nc3
d6 9. a4 b4 10. Ne2 h6 11. a5 O-O 12. Ng3 Bc8 13. c3 bxc3 14. bxc3 Ba7 15. h3
Be6 16. Bxe6 fxe6 17. Be3 Rb8 18. Bxa7 Nxa7 19. Rb1 Qd7 20. d4 exd4 21. cxd4
Rb5 22. Rxb5 Qxb5 23. Qc2 Qxa5 24. e5 Nd5 25. Nh5 Rf5 26. Rb1 Qc3 27. Qe4 Nb5
28. exd6 Nxd6 29. Qxe6+ Kh7 30. Nh4 Rf6 31. Qxd5 1-0

[Event "OLOMOUC 2006 - IM-C (CZE)"]
[Site "?"]
[Date "2006.08.08"]
[Round "9.2"]
[White "Damia, Angelo"]
[Black "Gutierrez Castillo, Paloma"]
[Result "1/2-1/2"]
[WhiteElo "2237"]
[BlackElo "2201"]
[PlyCount "29"]
[EventDate "2006.08.02"]

1. e4 e5 2. Nf3 Nc6 3. d4 exd4 4. Nxd4 Bc5 5. Nf5 d6 6. Ne3 Nge7 7. Nc3 O-O 8.
Bd3 Ne5 9. O-O Nxd3 10. cxd3 f5 11. d4 Bb6 12. Nc4 fxe4 13. Nxb6 axb6 14. Nxe4
Be6 15. Bg5 1/2-1/2

[Event "OLOMOUC 2006 - IM-C (CZE)"]
[Site "?"]
[Date "2006.08.08"]
[Round "9.3"]
[White "Salai, Ladislav"]
[Black "Litwak, Aleksej"]
[Result "1/2-1/2"]
[WhiteElo "2370"]
[BlackElo "2222"]
[PlyCount "83"]
[EventDate "2006.08.02"]

1. e4 c5 2. Nf3 e6 3. d4 cxd4 4. Nxd4 Nf6 5. Nc3 Nc6 6. Ndb5 Bb4 7. a3 Bxc3+ 8.
Nxc3 d5 9. exd5 exd5 10. Bd3 O-O 11. O-O d4 12. Ne2 Bg4 13. f3 Bh5 14. Bg5 Re8
15. Qd2 Bg6 16. Rae1 Qd6 17. Bxf6 Qxf6 18. Nf4 Bxd3 19. Nxd3 h6 20. Rxe8+ Rxe8
21. Re1 Re6 22. Rxe6 Qxe6 23. Qe1 Qxe1+ 24. Nxe1 Na5 25. b3 Kf8 26. f4 Nc6 27.
Kf2 Ke7 28. Ke2 Ke6 29. g3 Kf5 30. Nd3 g5 31. h3 gxf4 32. Nxf4 Ke4 33. Nd3 b6
34. Nf2+ Kf5 35. Kd3 h5 36. Kc4 Ke6 37. Kb5 Nb8 38. h4 Kf5 39. b4 Ke5 40. a4
Kf5 41. Kc4 Ke5 42. Kb5 1/2-1/2

[Event "OLOMOUC 2006 - IM-C (CZE)"]
[Site "?"]
[Date "2006.08.08"]
[Round "9.4"]
[White "Geske, Julian"]
[Black "Pel, Bonno"]
[Result "0-1"]
[WhiteElo "2173"]
[BlackElo "2301"]
[PlyCount "70"]
[EventDate "2006.08.02"]

1. e4 d6 2. d4 g6 3. Nc3 Bg7 4. f4 a6 5. Nf3 Nd7 6. Bd3 c5 7. d5 b5 8. O-O b4
9. Nb1 Qc7 10. Nbd2 Ngf6 11. Nc4 O-O 12. a4 Nb6 13. Qe2 e6 14. dxe6 Bxe6 15.
Kh1 Rfe8 16. Nxb6 Qxb6 17. Be3 Bg4 18. h3 Nxe4 19. Bxe4 Rxe4 20. hxg4 Rae8 21.
Rae1 Rxe3 22. Qxe3 Rxe3 23. Rxe3 Bxb2 24. Rfe1 h6 25. Re8+ Kg7 26. g5 hxg5 27.
Nxg5 Bf6 28. Rc8 b3 29. cxb3 Qb4 30. Ree8 Qxf4 31. Rg8+ Kh6 32. Nxf7+ Kh5 33.
g4+ Kh4 34. Rxg6 Qf3+ 35. Kh2 Qh3+ 0-1

[Event "OLOMOUC 2006 - IM-C (CZE)"]
[Site "?"]
[Date "2006.08.08"]
[Round "9.5"]
[White "Firman, Nazar"]
[Black "Talla, Vladimir"]
[Result "1-0"]
[WhiteElo "2499"]
[BlackElo "2426"]
[PlyCount "147"]
[EventDate "2006.08.02"]

1. e4 e5 2. Nf3 Nc6 3. Bb5 a6 4. Ba4 Nf6 5. O-O Be7 6. Re1 b5 7. Bb3 d6 8. c3
O-O 9. h3 Na5 10. Bc2 c5 11. d4 Qc7 12. Nbd2 Bd7 13. Nf1 cxd4 14. cxd4 Rac8 15.
Re2 Rfe8 16. d5 Nh5 17. Bd3 g6 18. g4 Ng7 19. Ng3 f6 20. b3 Nb7 21. b4 a5 22.
a3 a4 23. Rc2 Qb8 24. Raa2 Rxc2 25. Rxc2 Rc8 26. Nd2 Rxc2 27. Qxc2 Nd8 28. Nb1
Nf7 29. Nc3 Ne8 30. Qe2 Nc7 31. Be3 Qb7 32. Kf1 Bd8 33. Ke1 Be7 34. Kd1 Kg7 35.
Kc2 Kg8 36. Kb2 Bf8 37. Qd2 Be7 38. f3 Kf8 39. Qf2 Na8 40. Qf1 Nc7 41. h4 Qb8
42. Qf2 Na8 43. Qe2 Nc7 44. Qf2 Ke8 45. Qe1 Qb7 46. Qh1 Kf8 47. Qh3 Bd8 48. Qf1
Be7 49. Bg1 Ke8 50. Qf2 Kd8 51. Qh2 Ke8 52. h5 Ng5 53. hxg6 hxg6 54. Be3 Nf7
55. Bg5 fxg5 56. Qh7 Kf8 57. Qxg6 Qb6 58. Nf5 Bxf5 59. Qxf5 Ke8 60. Qc8+ Bd8
61. Kc2 Qf2+ 62. Be2 Qb6 63. Nd1 Ke7 64. Kd2 Qd4+ 65. Bd3 Qa1 66. Ne3 Qxa3 67.
Nf5+ Ke8 68. Nxd6+ Ke7 69. Nb7 Qxb4+ 70. Ke2 Qb2+ 71. Kf1 Qc1+ 72. Kf2 Qb2+ 73.
Be2 Qd4+ 74. Kg2 1-0

[Event "OLOMOUC 2006 - IM-C (CZE)"]
[Site "?"]
[Date "2006.08.08"]
[Round "9.6"]
[White "Biolek, Richard Jr"]
[Black "Tuma, Jiri"]
[Result "1/2-1/2"]
[WhiteElo "2304"]
[BlackElo "2310"]
[PlyCount "85"]
[EventDate "2006.08.02"]

1. e4 e5 2. Nf3 Nc6 3. d4 exd4 4. Nxd4 Bc5 5. Nb3 Bb6 6. a4 a6 7. Nc3 Nge7 8.
Qe2 O-O 9. Bg5 f6 10. Be3 Bxe3 11. Qxe3 d6 12. O-O-O Be6 13. Nd5 Bf7 14. g4
Nxd5 15. exd5 Re8 16. Qc3 Ne7 17. Bg2 Qd7 18. Qb4 a5 19. Nxa5 b6 20. Nc6 Nxd5
21. Qb5 Nf4 22. Bf3 d5 23. Rd4 g5 24. h4 h6 25. hxg5 hxg5 26. c4 Ne2+ 27. Bxe2
Rxe2 28. cxd5 Qe8 29. Kb1 Re1+ 30. Rxe1 Qxe1+ 31. Ka2 Re8 32. f4 Bg6 33. f5 Bf7
34. Qb3 Kg7 35. Qc4 Qe3 36. Rd3 Qe4 37. Rd4 Qh1 38. b3 Re1 39. Ka3 Rc1 40. Qd3
Qh2 41. Qd2 Qd6+ 42. Kb2 Rc5 43. Nb4 1/2-1/2

[Event "OLOMOUC 2006 - IM-C (CZE)"]
[Site "?"]
[Date "2006.08.09"]
[Round "10.1"]
[White "Zvara, Petr"]
[Black "Tuma, Jiri"]
[Result "1/2-1/2"]
[WhiteElo "2404"]
[BlackElo "2310"]
[PlyCount "92"]
[EventDate "2006.08.02"]

1. e4 e5 2. Nf3 Nc6 3. Bb5 a6 4. Ba4 Nf6 5. O-O b5 6. Bb3 Be7 7. Re1 d6 8. c3
O-O 9. h3 Na5 10. Bc2 c5 11. d4 Qc7 12. Nbd2 Nc6 13. d5 Nd8 14. a4 Rb8 15. b4
c4 16. axb5 axb5 17. Nf1 Ne8 18. N3h2 g6 19. f4 f6 20. Ng3 exf4 21. Bxf4 Ng7
22. Qd2 Nf7 23. Rf1 Bd7 24. Nf3 Ra8 25. Nd4 Rxa1 26. Rxa1 Qb7 27. Bd1 Ne5 28.
Qa2 Rb8 29. Qa7 Kf8 30. Qxb7 Rxb7 31. Ra8+ Ne8 32. Nf1 Kf7 33. Ne3 Nc7 34. Ra2
Ne8 35. Bg4 Nxg4 36. Nxg4 h5 37. Ne3 Bd8 38. Nc6 Bb6 39. Kf2 Bxc6 40. dxc6 Rc7
41. Kf3 Bxe3 42. Bxe3 Rxc6 43. Ra5 Nc7 44. Ra7 Ke6 45. Rb7 d5 46. Bd4 dxe4+
1/2-1/2

[Event "OLOMOUC 2006 - IM-C (CZE)"]
[Site "?"]
[Date "2006.08.09"]
[Round "10.2"]
[White "Talla, Vladimir"]
[Black "Biolek, Richard Jr"]
[Result "1/2-1/2"]
[WhiteElo "2426"]
[BlackElo "2304"]
[PlyCount "40"]
[EventDate "2006.08.02"]

1. e4 e5 2. Nf3 Nc6 3. Bc4 Nf6 4. d3 Be7 5. O-O O-O 6. Re1 h6 7. a4 Re8 8. a5
Bb4 9. Bd2 Bxd2 10. Nbxd2 d6 11. c3 Qe7 12. d4 g6 13. a6 b6 14. Bd5 Bd7 15.
dxe5 dxe5 16. Nc4 Rad8 17. Qc1 Kg7 18. b4 b5 19. Ne3 Nb8 20. Bb7 c6 1/2-1/2

[Event "OLOMOUC 2006 - IM-C (CZE)"]
[Site "?"]
[Date "2006.08.09"]
[Round "10.3"]
[White "Pel, Bonno"]
[Black "Firman, Nazar"]
[Result "0-1"]
[WhiteElo "2301"]
[BlackElo "2499"]
[PlyCount "64"]
[EventDate "2006.08.02"]

1. Nc3 d5 2. e4 dxe4 3. Nxe4 Nf6 4. Nxf6+ gxf6 5. g3 h5 6. Nf3 Bg4 7. h3 Be6 8.
Bg2 Nc6 9. d3 Qd7 10. Be3 Bg7 11. Qd2 f5 12. h4 Bd5 13. a3 Bxb2 14. Rb1 Ne5 15.
Nxe5 Bxe5 16. O-O Bxg2 17. Kxg2 Qc6+ 18. Kh3 Qf3 19. Qa5 f6 20. Qb5+ Kf7 21.
Qxb7 c6 22. Bc5 f4 23. Qxe7+ Kg6 24. Rb7 Rad8 25. Qf7+ Kf5 26. Re7 Rdg8 27.
Qe6+ Kg6 28. Re1 Kh6 29. Rg1 a5 30. Rf7 fxg3 31. Be3+ Kg6 32. fxg3 Qg4+ 0-1

[Event "OLOMOUC 2006 - IM-C (CZE)"]
[Site "?"]
[Date "2006.08.09"]
[Round "10.4"]
[White "Litwak, Aleksej"]
[Black "Geske, Julian"]
[Result "1-0"]
[WhiteElo "2222"]
[BlackElo "2173"]
[PlyCount "39"]
[EventDate "2006.08.02"]

1. e4 e5 2. Nf3 Nc6 3. Bb5 Nf6 4. O-O Nxe4 5. Re1 Nd6 6. Nxe5 Be7 7. Bd3 Nxe5
8. Rxe5 O-O 9. Nc3 Bf6 10. Re3 b6 11. Bxh7+ Kxh7 12. Qh5+ Kg8 13. Rh3 Bh4 14.
Rxh4 f5 15. d3 Bb7 16. Bg5 Qe8 17. Qh7+ Kf7 18. Rh6 Rh8 19. Rf6+ Ke7 20. Qxg7+
1-0

[Event "OLOMOUC 2006 - IM-C (CZE)"]
[Site "?"]
[Date "2006.08.09"]
[Round "10.5"]
[White "Gutierrez Castillo, Paloma"]
[Black "Salai, Ladislav"]
[Result "0-1"]
[WhiteElo "2201"]
[BlackElo "2370"]
[PlyCount "80"]
[EventDate "2006.08.02"]

1. e4 d6 2. d4 Nf6 3. Nc3 g6 4. Be3 Bg7 5. Qd2 c6 6. Bh6 O-O 7. h4 e5 8. dxe5
dxe5 9. Bxg7 Qxd2+ 10. Kxd2 Kxg7 11. Bc4 b5 12. Bd3 Nbd7 13. f3 Nc5 14. a4 b4
15. Nce2 a5 16. b3 Rd8 17. Rd1 Ba6 18. Nc1 Ra7 19. g4 Bc8 20. Ke2 Be6 21. Nh3
Rad7 22. Nf2 Ne8 23. Ke3 Nd6 24. Be2 f6 25. Nfd3 Ncb7 26. h5 g5 27. Nb2 Bf7 28.
Ba6 Nc5 29. Bd3 Ne6 30. Ne2 c5 31. Ng3 Nd4 32. Rc1 Kf8 33. Nf1 c4 34. bxc4 Nb7
35. c5 Nxc5 36. Bc4 Bxc4 37. Nxc4 Nxa4 38. Nxa5 Rc7 39. Nd2 Nxc2+ 40. Ke2 Nc3+
0-1

[Event "OLOMOUC 2006 - IM-C (CZE)"]
[Site "?"]
[Date "2006.08.09"]
[Round "10.6"]
[White "Picard, Romain"]
[Black "Damia, Angelo"]
[Result "1-0"]
[WhiteElo "2357"]
[BlackElo "2237"]
[PlyCount "59"]
[EventDate "2006.08.02"]

1. e4 d6 2. Bc4 Nf6 3. d3 e5 4. Nf3 Be7 5. O-O O-O 6. Bb3 c6 7. Re1 b5 8. Nbd2
Nbd7 9. c3 h6 10. Nf1 Re8 11. Ng3 Nf8 12. d4 Ng6 13. h3 Bb7 14. Nf5 Bf8 15. Bc2
Qc7 16. dxe5 dxe5 17. Nh2 Rad8 18. Qf3 Bc8 19. Nxh6+ gxh6 20. Qxf6 Bg7 21. Qf3
Nf4 22. Nf1 Rd6 23. Bxf4 exf4 24. Qxf4 Bg4 25. Qxg4 Rg6 26. Qf3 Be5 27. Bb3 Rg7
28. Rad1 Kh8 29. Qf5 Reg8 30. g4 1-0

[Event "OLOMOUC 2006 - IM-C (CZE)"]
[Site "?"]
[Date "2006.08.10"]
[Round "11.2"]
[White "Salai, Ladislav"]
[Black "Picard, Romain"]
[Result "1/2-1/2"]
[WhiteElo "2370"]
[BlackElo "2357"]
[PlyCount "38"]
[EventDate "2006.08.02"]

1. e4 e5 2. Nf3 d6 3. d4 exd4 4. Nxd4 Nf6 5. Nc3 Be7 6. Be2 O-O 7. O-O Re8 8.
Re1 Bf8 9. Bf1 Nbd7 10. f3 c6 11. Be3 Nc5 12. Qd2 h6 13. Rad1 Qc7 14. Kh1 b5
15. Bg1 a6 16. b3 Bd7 17. Nde2 Rad8 18. Nf4 Bc8 19. Nce2 d5 1/2-1/2

[Event "OLOMOUC 2006 - IM-C (CZE)"]
[Site "?"]
[Date "2006.08.10"]
[Round "11.3"]
[White "Geske, Julian"]
[Black "Gutierrez Castillo, Paloma"]
[Result "0-1"]
[WhiteElo "2173"]
[BlackElo "2201"]
[PlyCount "84"]
[EventDate "2006.08.02"]

1. e4 e5 2. Nf3 Nc6 3. Bb5 Nf6 4. O-O Nxe4 5. d4 Nd6 6. Bxc6 dxc6 7. dxe5 Nf5
8. Qxd8+ Kxd8 9. Nc3 h6 10. h3 Bd7 11. Rd1 Kc8 12. Ne4 b6 13. Bf4 c5 14. g4 Ne7
15. c4 Bc6 16. Nfd2 g5 17. Bg3 Bg7 18. Re1 Rd8 19. Nf1 Rd4 20. Ned2 Kd7 21. Re3
Ke6 22. Rae1 Rad8 23. R1e2 Ng6 24. f3 Nf4 25. Rh2 Bxe5 26. h4 Rd3 27. Re1 R8d4
28. Nb3 Rd8 29. hxg5 hxg5 30. Bxf4 gxf4 31. Rh5 f6 32. g5 Rg8 33. Kh2 Rxg5 34.
Rxg5 fxg5 35. Nbd2 Bxf3 36. Nxf3 Rxf3 37. Kg2 Rd3 38. Nh2 g4 39. Kf1 Rg3 40.
Kf2 Kf5 41. b3 Bd4+ 42. Kf1 Rg1+ 0-1